Contribució a l'estudi de l'actual conflicte agrari de Catalunya / per Joan Garriga i Massó
Descripción Física:
65 p. ; 23 cm
Materias:
Agricultura -- Catalunya -- 1933
MARC
| LEADER | 00000nam a2200000Ia 4500 | ||
|---|---|---|---|
| 001 | 9940 | ||
| 008 | 160829s1933 xx 000 0 cat d | ||
| 080 | |a C-1-298 | ||
| 100 | |a Garriga i Massó, Joan |9 24844 | ||
| 245 | |a Contribució a l'estudi de l'actual conflicte agrari de Catalunya / per Joan Garriga i Massó | ||
| 260 | |a Barcelona : |b (Tallers gràfics Núñez), |c 1933 | ||
| 300 | |a 65 p. ; |c 23 cm | ||
| 650 | |a Agricultura |x Catalunya |x 1933 |9 24845 | ||
| 901 | |a Arxiu | ||
| 942 | |n 1 | ||
| 952 | |0 0 |1 0 |4 0 |6 C1298 |7 1 |9 43339 |a Arxiu |b Arxiu |d 2016-12-01 |l 0 |o C-1-298 |p 9940 |r 2016-12-01 00:00:00 |w 2016-12-01 |y ARXIU | ||
| 999 | |c 45884 |d 45884 | ||